Teuerste Transfers vom SC Freiburg (Verkäufe) - Statistiken

Allgemein
  • Dieses Quiz wurde 214 mal gespielt
    100 seit der letzten Aktualisierung
  • Das Durchschnittsergebnis liegt bei 13 aus 28
Antwortstatistiken
Saison Ablöse in Mio Neuer Verein Spieler % Korrekt
23/24 25 Brentford Kevin Schade
95%
22/23 20 Dortmund Nico Schlotterbeck
88%
14/15 10 Dortmund Matthias Ginter
80%
23/24 13 Brentford Mark Flekken
79%
17/18 20 Dortmund Maxi Philipp
71%
21/22 14 Stade Rennes Baptiste Santamaria
69%
18/19 21,1 Leicester Çağlar Söyüncü
69%
20/21 15 Benfica Luca Waldschmidt
69%
24/25 6 Galatasaray Roland Sallai
64%
17/18 6 Gladbach Vincenzo Grifo
64%
14/15 5,5 Hoffenheim Oliver Baumann
58%
20/21 13 Leeds Robin Koch
56%
11/12 12 Newcastle Papiss Cisse
55%
20/21 7 Hertha Alexander Schwolow
46%
19/20 3 Heidenheim Tim Kleindienst
39%
15/16 3,5 Dortmund Roman Bürki
38%
23/24 3,8 Stuttgart Woo-yeong Jeong
36%
15/16 8 Leverkusen Admir Mehmedi
35%
01/02 3,2 Dortmund Sebastian Kehl
34%
15/16 3,5 Hoffenheim Jonathan Schmid
33%
15/16 3,8 Hertha Vladimír Darida
29%
24/25 3 Brügge Hugo Siquet
26%
11/12 3 Leverkusen Ömer Toprak
25%
15/16 3,5 Hannover Oliver Sorg
24%
13/14 3 Bremen Cédric Makiadi
19%
15/16 3 Hannover Felix Klaus
15%
13/14 4,5 Wolfsburg Daniel Caligiuri
13%
95/96 3,25 Bremen Rodolfo Cardozo
1%
Keine übereinstimmenden Quizze gefunden
Verteilung der Resultate
Anzahl Personen mit jedem Resultat
Perzentil nach korrekt beantworteten Fragen
Ihre Resultats-Entwicklung
Sie haben dieses Quiz seit der letzten Aktualisierung nicht gespielt